| 000 | 00358nam a2200121Ia 4500 | ||
|---|---|---|---|
| 008 | 191014s9999 xx 000 0 und d | ||
| 082 |
_a621.38152 _bSTR |
||
| 100 |
_aBen G. Streetman, Sanjay, Banerjee _924018 |
||
| 245 | 0 | _aSoild State Electronic Devices (Fifth Edition) | |
| 260 |
_aPakistan _bNational Books Fundation |
||
| 300 | _aXviii,557 | ||
| 942 | _cBK | ||
| 999 |
_c531289 _d531289 |
||